[Event "Ïåðâåíñòâî Ìîñêâû ïî øàõìàòàì 2015 ñðåäè"]
[Site "Moscow"]
[Date "2015.11.16"]
[Round "5.3"]
[White "Ïîãîñÿí, Ñòåôàí."]
[Black "Ëóêüÿíåíêî, Àðòåìèé."]
[Result "1-0"]
[WhiteElo "2057"]
[BlackElo "1711"]
[PlyCount "79"]
[EventDate "2015.11.12"]

1. d4 d6 2. Nf3 Nf6 3. c4 g6 4. Nc3 Bg7 5. g3 O-O 6. Bg2 c6 7. O-O Qc7 8. h3
Nbd7 9. e4 Rd8 10. Qc2 e5 11. Be3 Nf8 12. Rad1 Bd7 13. Rfe1 Ne6 14. Rd2 Be8 15.
Red1 Rd7 16. Kh2 Rad8 17. d5 Nf8 18. Ne1 cxd5 19. cxd5 Qa5 20. Nd3 Rc8 21. Qb3
Rdc7 22. a4 Rxc3 23. bxc3 Bxa4 24. Ra1 b5 25. Qb4 Qxb4 26. cxb4 Rc4 27. f3 a6
28. Nb2 Rxb4 29. Nxa4 bxa4 30. Rda2 Rb3 31. Bd2 N8d7 32. Rxa4 Nc5 33. R4a3 Rb6
34. Bf1 Nfd7 35. R1a2 Nb3 36. Be3 Nd4 37. Kg2 Nc5 38. Bxa6 Ncb3 39. Bc4 Bf6 40.
Bh6 1-0

[Event "Ïåðâåíñòâî Ìîñêâû ïî øàõìàòàì 2015 ñðåäè"]
[Site "Moscow"]
[Date "2015.11.16"]
[Round "5.4"]
[White "Áåëèêîâ, Ñåìåí."]
[Black "Ïðèâàëîâ, Èãîðü."]
[Result "0-1"]
[WhiteElo "1724"]
[BlackElo "2011"]
[PlyCount "84"]
[EventDate "2015.11.12"]

1. e4 c5 2. Nf3 Nc6 3. d4 cxd4 4. Nxd4 g6 5. Nc3 Bg7 6. Be3 Nf6 7. Nxc6 bxc6 8.
e5 Ng8 9. Bd4 Qa5 10. e6 Nf6 11. exd7+ Bxd7 12. Qe2 O-O 13. Qe5 Qxe5+ 14. Bxe5
Nd5 15. Bxg7 Kxg7 16. Nxd5 cxd5 17. O-O-O Bc6 18. Bd3 e5 19. f3 f5 20. Rhe1 Kf6
21. Ba6 Rab8 22. Bc4 Rfd8 23. Bb3 a5 24. a3 a4 25. Ba2 g5 26. Rd2 Rd7 27. g3
Rdb7 28. c3 Rd7 29. Rg1 d4 30. cxd4 exd4 31. f4 Be4 32. fxg5+ Kxg5 33. Kd1 d3
34. Bb1 Rc8 35. Rf1 Rdc7 36. Ke1 Rc1+ 37. Rd1 d2+ 38. Ke2 Bxb1 39. Rxd2 Bd3+
40. Rxd3 R8c2+ 41. Rd2 Rxd2+ 42. Kxd2 Rxf1 0-1

[Event "Ïåðâåíñòâî Ìîñêâû ïî øàõìàòàì 2015 ñðåäè"]
[Site "Moscow"]
[Date "2015.11.16"]
[Round "5.5"]
[White "Çàêèðîâ, Àðòóð."]
[Black "Ëóïîëîâ, Áîðèñ."]
[Result "1-0"]
[WhiteElo "1648"]
[BlackElo "1889"]
[PlyCount "47"]
[EventDate "2015.11.12"]

1. e4 e6 2. d4 d5 3. e5 c5 4. c3 Nc6 5. Nf3 Qb6 6. Bd3 Bd7 7. O-O cxd4 8. cxd4
Nxd4 9. Nbd2 Nxf3+ 10. Nxf3 Bc5 11. a3 a5 12. Ng5 Qc7 13. Qf3 Bc6 14. Bd2 h6
15. Qh5 Kf8 16. b4 Bd4 17. bxa5 Bc5 18. Rfc1 g6 19. Bxg6 hxg5 20. Qxh8 fxg6 21.
Rxc5 Qf7 22. Rc3 d4 23. Rb3 Rd8 24. Bxg5 1-0

[Event "Ïåðâåíñòâî Ìîñêâû ïî øàõìàòàì 2015 ñðåäè"]
[Site "Moscow"]
[Date "2015.11.16"]
[Round "5.6"]
[White "Áóþêëè, Åãîð."]
[Black "Ìèøóðèñ, Ìàòâåé."]
[Result "1-0"]
[WhiteElo "1783"]
[BlackElo "1693"]
[PlyCount "113"]
[EventDate "2015.11.12"]

1. d4 Nf6 2. c4 g6 3. Nc3 Bg7 4. e4 d6 5. Nf3 O-O 6. Be2 Nbd7 7. O-O e5 8. d5
a5 9. Qc2 Ne8 10. g3 f5 11. exf5 gxf5 12. Bg5 Ndf6 13. Nh4 h6 14. Bd2 Nh7 15.
Rae1 Ng5 16. Nd1 Ne4 17. Bc1 Nc5 18. Ne3 Qf6 19. Bh5 f4 20. Neg2 fxg3 21. hxg3
Bf5 22. Nxf5 Qxf5 23. Qxf5 Rxf5 24. Bg4 Rf8 25. Be3 Nf6 26. Bh3 Nfe4 27. Nh4
Ng5 28. Bg4 Nd3 29. Re2 Rf6 30. Kg2 c6 31. Rd1 Nb4 32. a3 Na6 33. Nf5 c5 34. f4
Nf7 35. Ree1 h5 36. Nxg7 Kxg7 37. Bxh5 Re8 38. Bxf7 Kxf7 39. fxe5 Rxe5 40. Bf4
Rh5 41. Rh1 Rxh1 42. Rxh1 Kg7 43. Bd2 Rf7 44. Bxa5 Nb8 45. Bc3+ Kg6 46. Re1 Kh7
47. Re6 Rd7 48. Bd2 Na6 49. Bf4 b5 50. Rxd6 Rxd6 51. Bxd6 bxc4 52. Kf3 Kg6 53.
Ke3 Kf5 54. Bf4 Kf6 55. Kd2 Kf5 56. Kc3 Ke4 57. Kxc4 1-0

[Event "Ïåðâåíñòâî Ìîñêâû ïî øàõìàòàì 2015 ñðåäè"]
[Site "Moscow"]
[Date "2015.11.16"]
[Round "5.7"]
[White "Æóêîâ, Àíòîí."]
[Black "Àí÷èêîâ, Âëàäèìèð."]
[Result "1-0"]
[WhiteElo "1771"]
[BlackElo "1691"]
[PlyCount "104"]
[EventDate "2015.11.12"]

1. d4 d5 2. c4 e6 3. Nc3 Be7 4. Nf3 Nf6 5. g4 Nxg4 6. Rg1 h5 7. h3 Nh6 8. Bxh6
gxh6 9. e3 c6 10. Ne5 Bf6 11. Qxh5 Bxe5 12. Qxe5 Rf8 13. cxd5 cxd5 14. Nb5 Nc6
15. Qc7 Qd7 16. Qxd7+ Kxd7 17. Nc3 b6 18. Be2 Ke7 19. Kd2 Bd7 20. Rg7 Rg8 21.
Rag1 Rxg7 22. Rxg7 Rh8 23. Bh5 Nd8 24. a3 Kf6 25. Rg1 Nc6 26. b4 Ne7 27. e4
dxe4 28. Nxe4+ Kf5 29. Nd6+ Kf6 30. Nxf7 Rh7 31. Ne5 Nf5 32. Bg6 Rg7 33. Nxd7+
Rxd7 34. Bxf5 Kxf5 35. Ke3 Rc7 36. Kd3 b5 37. Re1 a6 38. Re5+ Kf6 39. Rc5 Ra7
40. Ke4 a5 41. Rxb5 axb4 42. axb4 Ra3 43. f3 Ra1 44. Rb6 Re1+ 45. Kf4 Ke7 46.
Rb7+ Kf6 47. b5 Rd1 48. Ke3 Re1+ 49. Kd2 Rh1 50. b6 Rb1 51. Rb8 Kg7 52. b7 Kh7
1-0

[Event "Ïåðâåíñòâî Ìîñêâû ïî øàõìàòàì 2015 ñðåäè"]
[Site "Moscow"]
[Date "2015.11.16"]
[Round "5.8"]
[White "Êóæåëåâ, Òèìóð."]
[Black "×åðâîíåíêèñ, Áîðèñ."]
[Result "0-1"]
[WhiteElo "1594"]
[BlackElo "1766"]
[PlyCount "64"]
[EventDate "2015.11.12"]

1. e4 e6 2. d4 d5 3. exd5 exd5 4. c4 dxc4 5. Bxc4 Bd6 6. Nf3 Nf6 7. O-O O-O 8.
h3 h6 9. Nc3 Nc6 10. Be3 Bf5 11. Qd2 Re8 12. Bxh6 gxh6 13. Qxh6 Nh7 14. Qh5 Qf6
15. g4 Bg6 16. Qd5 Nb4 17. Qb5 a6 18. Qd7 Rad8 19. Qa4 Qxf3 20. Rae1 Rxe1 21.
Rxe1 b5 22. Nxb5 axb5 23. Qxb5 Qc6 24. Qxc6 Nxc6 25. d5 Ne5 26. Re3 Nxc4 27.
Rc3 Nxb2 28. Kg2 Re8 29. Rb3 Nd3 30. h4 Re2 31. h5 Rxf2+ 32. Kg1 Bh2+ 0-1

[Event "Ïåðâåíñòâî Ìîñêâû ïî øàõìàòàì 2015 ñðåäè"]
[Site "Moscow"]
[Date "2015.11.16"]
[Round "5.9"]
[White "Èâëåâ, Àëåêñàíäð."]
[Black "Ìàõëèí, Ìèðîí."]
[Result "1-0"]
[WhiteElo "1588"]
[BlackElo "1726"]
[PlyCount "77"]
[EventDate "2015.11.12"]

1. e4 c5 2. Nf3 Nc6 3. d4 cxd4 4. Nxd4 e5 5. Nb5 Nf6 6. Bg5 d6 7. a4 a6 8. N5c3
Be6 9. Na3 Rc8 10. Bc4 Nd4 11. Bxe6 Nxe6 12. Bxf6 gxf6 13. O-O Bg7 14. Qd5 Qc7
15. Qd2 O-O 16. Rfd1 Rcd8 17. Nd5 Qb8 18. Ne7+ Kh8 19. Nf5 Nd4 20. Nxd4 exd4
21. Rab1 Rfe8 22. Qxd4 f5 23. Qd5 fxe4 24. Qxf7 Rf8 25. Qe6 Qa7 26. Rd2 Rde8
27. Qg4 e3 28. Re2 exf2+ 29. Kf1 Qc5 30. c3 h5 31. Qc4 Qf5 32. Rd1 Be5 33. Qh4
Rf7 34. Rxf2 Qxf2+ 35. Qxf2 Rxf2+ 36. Kxf2 Bxh2 37. Rh1 Rf8+ 38. Ke2 Bg3 39.
Rxh5+ 1-0

[Event "Ïåðâåíñòâî Ìîñêâû ïî øàõìàòàì 2015 ñðåäè"]
[Site "Moscow"]
[Date "2015.11.16"]
[Round "5.10"]
[White "Ñààêÿí, Âààãí."]
[Black "Âèíîêóð, Ëåîíèä."]
[Result "0-1"]
[WhiteElo "1902"]
[BlackElo "1625"]
[PlyCount "70"]
[EventDate "2015.11.12"]

1. e4 e6 2. d4 d5 3. Nd2 c5 4. exd5 Qxd5 5. Ngf3 cxd4 6. Bc4 Qd7 7. Nb3 Nc6 8.
O-O Nf6 9. Nbxd4 Bc5 10. Be3 O-O 11. c3 Ng4 12. Re1 Nxe3 13. fxe3 a6 14. Bd3
Qe7 15. Be4 Bd7 16. Qc2 f5 17. Bd3 Rae8 18. Qb3 Na5 19. Qd1 Nc6 20. Kh1 e5 21.
Nb3 Bb6 22. e4 f4 23. Qe2 g5 24. Ng1 g4 25. Nd2 Qh4 26. Nc4 Bf2 27. Rf1 Bg3 28.
h3 gxh3 29. Nxh3 Bxh3 30. gxh3 Qxh3+ 31. Kg1 f3 32. Rxf3 Bh2+ 33. Kf2 Rxf3+ 34.
Qxf3 Rf8 35. Qxf8+ Kxf8 0-1

[Event "Ïåðâåíñòâî Ìîñêâû ïî øàõìàòàì 2015 ñðåäè"]
[Site "Moscow"]
[Date "2015.11.16"]
[Round "5.11"]
[White "Äóäèí, Ãëåá."]
[Black "Ùåðáàêîâ, Ìèõàèë."]
[Result "1-0"]
[WhiteElo "1776"]
[BlackElo "1485"]
[PlyCount "93"]
[EventDate "2015.11.12"]

1. d4 Nf6 2. c4 e6 3. Nf3 g6 4. Nc3 Bg7 5. g3 O-O 6. Bg2 d5 7. O-O c6 8. Qc2
dxc4 9. Rd1 Nd5 10. e4 Nb4 11. Qe2 Nd3 12. Be3 b5 13. b3 Ba6 14. bxc4 bxc4 15.
e5 Nd7 16. Nd2 Nb4 17. Nde4 Nd5 18. Qc2 N7b6 19. Nc5 Nxc3 20. Qxc3 Qc8 21. Rab1
Bb7 22. a4 Rb8 23. Bg5 Nd5 24. Bxd5 cxd5 25. Be7 Bc6 26. Bd6 Rxb1 27. Rxb1 Bh6
28. f4 g5 29. fxg5 Bxg5 30. h4 Bh6 31. g4 Qa8 32. g5 Bg7 33. Kf2 Rc8 34. h5 Bf8
35. Bxf8 Rxf8 36. Ke2 Qe8 37. Qf3 Qe7 38. Qg3 Kh8 39. Kd2 Rg8 40. Rg1 Qe8 41.
Qf3 Qd8 42. g6 fxg6 43. hxg6 Rxg6 44. Rxg6 hxg6 45. Qh3+ Kg8 46. Qxe6+ Kg7 47.
Qxc6 1-0

[Event "Ïåðâåíñòâî Ìîñêâû ïî øàõìàòàì 2015 ñðåäè"]
[Site "Moscow"]
[Date "2015.11.16"]
[Round "5.12"]
[White "Ëåâêèí, Ëåâ."]
[Black "Äóíàåâ, Äåíèñ."]
[Result "1-0"]
[WhiteElo "1734"]
[BlackElo "1594"]
[PlyCount "91"]
[EventDate "2015.11.12"]

1. d4 d5 2. c4 c6 3. cxd5 cxd5 4. Nc3 Nc6 5. Nf3 Nf6 6. Bf4 a6 7. a3 Bf5 8. e3
e6 9. Bd3 Bxd3 10. Qxd3 Bd6 11. Bg3 Bxg3 12. hxg3 Rc8 13. Nd2 Na5 14. b4 Nc4
15. Nxc4 dxc4 16. Qc2 b5 17. a4 Qd7 18. axb5 axb5 19. Ra5 Rb8 20. Nxb5 O-O 21.
Qa4 Rb7 22. Nc3 Qxa4 23. Rxa4 Nd5 24. Nxd5 exd5 25. Rh5 f5 26. g4 g6 27. Rg5
Kg7 28. gxf5 Rxf5 29. Rxf5 gxf5 30. Ra5 Rd7 31. Rc5 Kf7 32. b5 Ke6 33. b6 Rb7
34. Rc6+ Kd7 35. Rh6 Rb8 36. Rxh7+ Kc6 37. Rh6+ Kb5 38. Kd2 Rxb6 39. Rxb6+ Kxb6
40. Kc3 Kc6 41. f3 Kd6 42. e4 f4 43. Kb4 Kc6 44. exd5+ Kxd5 45. Kc3 Kd6 46.
Kxc4 1-0

[Event "Ïåðâåíñòâî Ìîñêâû ïî øàõìàòàì 2015 ñðåäè"]
[Site "Moscow"]
[Date "2015.11.16"]
[Round "5.13"]
[White "Ñîëîâüåâ, Âëàäèñëàâ."]
[Black "Äìèòðèåâ, Ëåîíèä."]
[Result "1/2-1/2"]
[WhiteElo "1692"]
[BlackElo "1475"]
[PlyCount "95"]
[EventDate "2015.11.12"]

1. e4 e5 2. Nf3 Nc6 3. d4 exd4 4. Nxd4 Bc5 5. Nb3 Bb6 6. Nc3 d6 7. Bc4 Nf6 8.
O-O h6 9. Re1 Bg4 10. Be2 Bxe2 11. Qxe2 O-O 12. Be3 Bxe3 13. Qxe3 Re8 14. Rad1
Qe7 15. f4 Rad8 16. h3 a6 17. Kf2 Qf8 18. a3 Nxe4+ 19. Nxe4 f5 20. Qf3 fxe4 21.
Rxe4 Rxe4 22. Qxe4 Re8 23. Qc4+ Qf7 24. Qxf7+ Kxf7 25. Nd4 Nxd4 26. Rxd4 g5 27.
Rb4 b5 28. fxg5 hxg5 29. Rg4 Kf6 30. Rg3 c5 31. Rd3 Re6 32. Rd5 Kg6 33. Kf3 Kh5
34. Kf2 a5 35. b4 axb4 36. axb4 cxb4 37. Rxb5 Re4 38. Rb6 Rc4 39. Rxd6 Rxc2+
40. Kf3 Rc3+ 41. Kf2 Rc2+ 42. Kg1 b3 43. Rb6 b2 44. Kh2 Rd2 45. Kg3 Rc2 46. Kf3
Rc3+ 47. Kf2 Rc2+ 48. Kg3 1/2-1/2

[Event "Ïåðâåíñòâî Ìîñêâû ïî øàõìàòàì 2015 ñðåäè"]
[Site "Moscow"]
[Date "2015.11.16"]
[Round "5.14"]
[White "Âäîâèí, Ãåîðãèé."]
[Black "Ãåðàñèìîâ, Âàäèì."]
[Result "1-0"]
[WhiteElo "1640"]
[BlackElo "1299"]
[PlyCount "118"]
[EventDate "2015.11.12"]

1. c4 e5 2. g3 Nf6 3. Bg2 Bc5 4. e3 O-O 5. Nc3 Nc6 6. Nge2 a6 7. O-O d6 8. a3
Bf5 9. d4 exd4 10. Nxd4 Bd7 11. b4 Bxd4 12. exd4 Rb8 13. Bg5 h6 14. Bf4 Bf5 15.
d5 Ne7 16. Be3 Ng6 17. f4 Qd7 18. Re1 Rfe8 19. Qd2 Re7 20. Bd4 Rbe8 21. Bxf6
gxf6 22. Kf2 Nf8 23. Rxe7 Qxe7 24. Re1 Qxe1+ 25. Qxe1 Rxe1 26. Kxe1 Nd7 27. Kd2
Kf8 28. Ke3 Ke7 29. Kd4 b6 30. Ne4 Ke8 31. Bf1 Bg6 32. Bd3 Ke7 33. Nf2 Bxd3 34.
Nxd3 f5 35. c5 Ke8 36. cxd6 cxd6 37. a4 Ke7 38. Nc1 Kf6 39. Nb3 Kg6 40. Kc4 Kf6
41. Nd4 Kg6 42. a5 Kf6 43. b5 axb5+ 44. Kxb5 bxa5 45. Kc6 Nc5 46. Kxd6 Ne4+ 47.
Kc7 Nc5 48. d6 a4 49. d7 Nxd7 50. Kxd7 a3 51. Nb3 Kg6 52. Kd6 Kf6 53. Kd5 Kg6
54. Ke5 f6+ 55. Ke6 a2 56. Na1 Kh5 57. h3 Kg6 58. g4 fxg4 59. hxg4 h5 1-0

[Event "Ïåðâåíñòâî Ìîñêâû ïî øàõìàòàì 2015 ñðåäè"]
[Site "Moscow"]
[Date "2015.11.16"]
[Round "5.15"]
[White "Ñóááîòèí, Ìóðàò."]
[Black "Æåðäåâ, Ñâÿòîñëàâ."]
[Result "1-0"]
[WhiteElo "1862"]
[BlackElo "1519"]
[PlyCount "101"]
[EventDate "2015.11.12"]

1. e4 d5 2. exd5 Nf6 3. Nc3 Nxd5 4. Nxd5 Qxd5 5. Nf3 Nc6 6. h3 e5 7. d3 Bc5 8.
Be2 Be6 9. O-O O-O-O 10. Ng5 Rhe8 11. Bf3 Qd7 12. Nxe6 Qxe6 13. Re1 f5 14. Bd2
Qf6 15. Qc1 h6 16. Bc3 Bd4 17. Bxc6 Qxc6 18. Bxd4 exd4 19. Qd2 Kb8 20. Rxe8
Rxe8 21. Re1 Rxe1+ 22. Qxe1 a6 23. Qe2 g5 24. Qe5 Qxc2 25. Qh8+ Ka7 26. Qxd4+
b6 27. a3 Qc1+ 28. Kh2 Qf4+ 29. Qxf4 gxf4 30. g4 fxg4 31. hxg4 Kb7 32. Kg2 Kc6
33. Kf3 Kd6 34. Kxf4 Ke6 35. Ke4 c6 36. b4 Kf6 37. f4 Ke6 38. a4 Kf6 39. a5
bxa5 40. bxa5 Ke6 41. Kd4 Kd6 42. Kc4 c5 43. d4 cxd4 44. Kxd4 Kc6 45. Kc4 Kd6
46. f5 Kc6 47. f6 Kd6 48. f7 Ke7 49. Kc5 Kxf7 50. Kb6 Ke7 51. Kxa6 1-0

[Event "Ïåðâåíñòâî Ìîñêâû ïî øàõìàòàì 2015 ñðåäè"]
[Site "Moscow"]
[Date "2015.11.16"]
[Round "5.16"]
[White "Ïëàêñèí, Èãîðü."]
[Black "Ïîëÿêîâ, Àíòîí."]
[Result "1/2-1/2"]
[WhiteElo "1516"]
[BlackElo "1797"]
[PlyCount "94"]
[EventDate "2015.11.12"]

1. e4 e5 2. Nf3 Nc6 3. Bb5 a6 4. Ba4 b5 5. Bb3 Nf6 6. O-O d6 7. Re1 Na5 8. d4
Nxb3 9. axb3 exd4 10. Nxd4 Bd7 11. Bg5 Be7 12. Nc3 O-O 13. Qd3 c5 14. Nf5 Bxf5
15. exf5 h6 16. Bh4 Re8 17. Rad1 b4 18. Ne2 Qd7 19. Ng3 a5 20. Re2 Rad8 21.
Red2 Qc7 22. Qf3 Nd7 23. Qh5 Bxh4 24. Qxh4 Ne5 25. f6 Ng6 26. Qh3 Qc6 27. f3
Qb6 28. Nf5 c4+ 29. Kh1 Re6 30. fxg7 Rde8 31. Qg3 cxb3 32. cxb3 Qc7 33. h3 Rd8
34. Rxd6 Rdxd6 35. Rxd6 Rxd6 36. Qxd6 Qc8 37. Qd5 Qc1+ 38. Kh2 Qf4+ 39. g3 Qb8
40. Qxa5 Qc8 41. h4 Qe8 42. Qxb4 Qe2+ 43. Kg1 Qd1+ 44. Kf2 Qc2+ 45. Ke3 Qxf5
46. Qe4 Qc5+ 47. Qd4 Qc1+ 1/2-1/2

[Event "Ïåðâåíñòâî Ìîñêâû ïî øàõìàòàì 2015 ñðåäè"]
[Site "Moscow"]
[Date "2015.11.16"]
[Round "5.17"]
[White "Àáäóðàèìîâ, Ýñìåò."]
[Black "Àãàáåêîâ, Ñàâåëèé."]
[Result "0-1"]
[WhiteElo "1688"]
[BlackElo "1502"]
[PlyCount "64"]
[EventDate "2015.11.12"]

1. e4 c6 2. d4 d5 3. exd5 cxd5 4. c4 Nf6 5. Nc3 e6 6. Bg5 Be7 7. Nf3 O-O 8. c5
Nc6 9. a3 Ne4 10. Bxe7 Qxe7 11. Bd3 f5 12. Ne2 Bd7 13. b4 Qf6 14. b5 Ne7 15.
Ne5 Be8 16. f3 Nxc5 17. O-O Nxd3 18. Nxd3 Bxb5 19. Re1 Nc6 20. Nc5 Bxe2 21.
Rxe2 Qxd4+ 22. Qxd4 Nxd4 23. Rd2 b6 24. Nd7 Nb3 25. Nxf8 Kxf8 26. Rad1 Nxd2 27.
Rxd2 Rc8 28. Re2 Kf7 29. Re3 g6 30. Kf2 Kf6 31. Kg3 Rc4 32. h3 f4+ 0-1

[Event "Ïåðâåíñòâî Ìîñêâû ïî øàõìàòàì 2015 ñðåäè"]
[Site "Moscow"]
[Date "2015.11.16"]
[Round "5.18"]
[White "Êàëèòà, Äàíèèë."]
[Black "×èêîâàíè, Äàâèä."]
[Result "0-1"]
[WhiteElo "1448"]
[BlackElo "1642"]
[PlyCount "126"]
[EventDate "2015.11.12"]

1. d4 d5 2. c4 e6 3. Nc3 Nf6 4. Bg5 Nbd7 5. Nf3 Be7 6. e3 O-O 7. Be2 b6 8. O-O
Bb7 9. Rc1 c5 10. Qd2 Ne4 11. Nxe4 dxe4 12. Bxe7 Qxe7 13. Ne1 f5 14. d5 e5 15.
Nc2 f4 16. f3 exf3 17. Bxf3 e4 18. Bg4 f3 19. gxf3 exf3 20. Bxf3 Ne5 21. Bg2
Nxc4 22. Rxf8+ Rxf8 23. Qe2 Nxb2 24. Rb1 Qe5 25. Ne1 Na4 26. d6 Bxg2 27. Nxg2
Nc3 28. Qc4+ Kh8 29. Rc1 Ne4 30. d7 Nd2 31. Qe2 Ne4 32. Qf3 Nf6 33. Rf1 Rd8 34.
Qh3 Qe7 35. Qf5 Qxd7 36. Qf2 Qd2 37. Qh4 Qb4 38. Qg5 Qg4 39. Qe5 Rd1 40. Qb8+
Ng8 41. Qxa7 Rxf1+ 42. Kxf1 Qf3+ 43. Kg1 Qd1+ 44. Kf2 Qd2+ 45. Kf3 c4 46. e4 c3
47. Ne3 c2 48. Nxc2 Qxc2 49. Qxb6 Qxa2 50. h4 Qf7+ 51. Kg3 Nf6 52. Qb8+ Qg8 53.
Qe5 Qb3+ 54. Kg2 Qc2+ 55. Kf3 Qd3+ 56. Kf4 Qf1+ 57. Kg5 Qg2+ 58. Kf4 Qg4+ 59.
Ke3 Qxh4 60. Qb8+ Ng8 61. e5 Qh3+ 62. Kd4 Qd7+ 63. Ke4 h6 0-1

[Event "Ïåðâåíñòâî Ìîñêâû ïî øàõìàòàì 2015 ñðåäè"]
[Site "Moscow"]
[Date "2015.11.16"]
[Round "5.19"]
[White "Òèøêèí, Áîðèñ."]
[Black "Êóðóñü, Àðòåì."]
[Result "0-1"]
[WhiteElo "1390"]
[BlackElo "1630"]
[PlyCount "118"]
[EventDate "2015.11.12"]

1. d4 Nf6 2. c4 g6 3. Nc3 Bg7 4. e4 d6 5. Nf3 O-O 6. Be2 Nbd7 7. Bg5 c6 8. O-O
Qc7 9. b4 e5 10. d5 a5 11. b5 Nc5 12. Qc2 h6 13. Be3 Nfd7 14. Na4 f5 15. Nxc5
Nxc5 16. Bxc5 dxc5 17. Nh4 cxd5 18. cxd5 Rf6 19. Bc4 Kh8 20. f3 f4 21. g4 fxg3
22. hxg3 Bh3 23. Rf2 Raf8 24. Rh2 Bd7 25. g4 Kh7 26. a4 Rf4 27. Rf1 Qd6 28. Qg2
Bf6 29. g5 Bg7 30. gxh6 Bxh6 31. Qh1 g5 32. Ng2 Rxf3 33. Rxf3 Rxf3 34. Ne1 Rf6
35. Nf3 Rg6 36. Rh5 Kg7 37. Qg2 Qf6 38. Qg3 Qf4 39. Qxf4 exf4 40. Ne5 Rd6 41.
Nxd7 Rxd7 42. e5 Kg6 43. e6 Rh7 44. Bd3+ Kxh5 45. Bxh7 Bf8 46. b6 c4 47. Be4
Bd6 48. Kg2 g4 49. e7 Bxe7 50. d6 Bxd6 51. Bxb7 Bc5 52. Ba6 Bxb6 53. Bxc4 Kg5
54. Bd3 f3+ 55. Kg3 Bc7+ 56. Kf2 Kf4 57. Kf1 g3 58. Kg1 Bb6+ 59. Kh1 g2+ 0-1

[Event "Ïåðâåíñòâî Ìîñêâû ïî øàõìàòàì 2015 ñðåäè"]
[Site "Moscow"]
[Date "2015.11.16"]
[Round "5.20"]
[White "Öûìáàë, Åâãåíèé."]
[Black "Èâàíîâ-×åðíåö, Êèðèëë."]
[Result "1-0"]
[WhiteElo "1628"]
[BlackElo "1491"]
[PlyCount "65"]
[EventDate "2015.11.12"]

1. d4 Nf6 2. c4 g6 3. Nc3 Bg7 4. e4 d6 5. f3 O-O 6. Be3 e5 7. Nge2 Na6 8. Qd2
c6 9. O-O-O Nc7 10. dxe5 Nd7 11. exd6 Ne6 12. g4 a5 13. h4 Ne5 14. Ng1 a4 15.
a3 Qa5 16. Na2 Nc5 17. Qxa5 Nb3+ 18. Kc2 Rxa5 19. Nb4 h6 20. Be2 Kh7 21. g5 h5
22. f4 Ng4 23. Bb6 Ra8 24. d7 Bxd7 25. Rxd7 c5 26. Bxg4 hxg4 27. Nd3 Nd4+ 28.
Kb1 Ne6 29. f5 gxf5 30. exf5 Nd4 31. f6 Bh8 32. Bxc5 Rac8 33. Bxd4 1-0

[Event "Ïåðâåíñòâî Ìîñêâû ïî øàõìàòàì 2015 ñðåäè"]
[Site "Moscow"]
[Date "2015.11.16"]
[Round "5.21"]
[White "Àõìåòøèí, Àëåêñàíäð."]
[Black "Ìàêñèìåíêî, Àðñåíèé."]
[Result "1-0"]
[WhiteElo "1617"]
[BlackElo "1451"]
[PlyCount "55"]
[EventDate "2015.11.12"]

1. e4 e5 2. Nf3 Nc6 3. d4 exd4 4. Nxd4 Bc5 5. Be3 Qf6 6. c3 Nge7 7. Bc4 O-O 8.
O-O Rd8 9. Nxc6 Qxc6 10. Bxf7+ Kxf7 11. Qh5+ Qg6 12. Qxc5 Qxe4 13. Qxc7 d6 14.
Qa5 b6 15. Qh5+ Ng6 16. Nd2 Qe5 17. Qf3+ Bf5 18. g4 Nh4 19. Qh3 Bd3 20. Rfe1 g5
21. Bxb6 Qf4 22. Bxd8 Rxd8 23. Qxd3 Qxd2 24. Qxd2 Nf3+ 25. Kg2 Nxd2 26. b3 d5
27. Rad1 Ne4 28. Rxe4 1-0

[Event "Ïåðâåíñòâî Ìîñêâû ïî øàõìàòàì 2015 ñðåäè"]
[Site "Moscow"]
[Date "2015.11.16"]
[Round "5.22"]
[White "Ñìåëûõ, Ýäâèí."]
[Black "Î÷èðîâ, Ëèäæè."]
[Result "1-0"]
[WhiteElo "1381"]
[BlackElo "1605"]
[PlyCount "101"]
[EventDate "2015.11.12"]

1. e4 c6 2. d4 d5 3. Nc3 dxe4 4. Nxe4 Bf5 5. Ng3 Bg6 6. Nh3 Nf6 7. Nf4 e6 8. h4
Bd6 9. h5 Bf5 10. Nxf5 exf5 11. c3 Qc7 12. Qf3 Nbd7 13. Bd3 Bxf4 14. Bxf4 Qb6
15. O-O-O O-O-O 16. Bxf5 Qa5 17. Bb1 Rhe8 18. g4 h6 19. Rhg1 Qd5 20. Qxd5 Nxd5
21. Bg3 b5 22. Bh4 f6 23. Bg6 Rh8 24. Bg3 Ne7 25. Bd3 Nb6 26. Rge1 Rhe8 27. Re2
Ned5 28. Rde1 Rxe2 29. Bf5+ Kb7 30. Rxe2 Nc8 31. Kc2 Ncb6 32. b3 a5 33. Kd3 Nc8
34. a3 Nde7 35. Be4 Kb6 36. Bg2 Rd7 37. Re6 Kb7 38. c4 bxc4+ 39. bxc4 Na7 40.
Re2 Kc8 41. Rb2 Rb7 42. Rxb7 Kxb7 43. f4 Kc8 44. Be1 a4 45. Kc3 Kc7 46. Kb4 g6
47. Bh4 gxh5 48. Bxf6 Ng8 49. Be5+ Kd7 50. gxh5 Nc8 51. Kxa4 1-0

[Event "Ïåðâåíñòâî Ìîñêâû ïî øàõìàòàì 2015 ñðåäè"]
[Site "Moscow"]
[Date "2015.11.16"]
[Round "5.23"]
[White "Çàéöåâ, Þðèé."]
[Black "Ñàõèí, Ëåîíèä."]
[Result "1/2-1/2"]
[WhiteElo "1554"]
[BlackElo "1421"]
[PlyCount "78"]
[EventDate "2015.11.12"]

1. e4 e6 2. d4 d5 3. exd5 exd5 4. Nf3 Nf6 5. Bd3 Bd6 6. O-O O-O 7. Bg5 h6 8.
Bh4 Bg4 9. Nbd2 Nbd7 10. c3 c6 11. Qc2 Qc7 12. Rfe1 Rfe8 13. b3 Bf4 14. c4 Rac8
15. c5 Rb8 16. b4 b5 17. a4 a6 18. a5 Rbd8 19. Bg3 Bxg3 20. hxg3 Ra8 21. Rxe8+
Rxe8 22. Re1 Qb8 23. Qd1 Qc8 24. Rxe8+ Qxe8 25. Qe1 Qxe1+ 26. Nxe1 Nf8 27. Nef3
N8d7 28. Nh4 g6 29. Nhf3 Kg7 30. Kf1 Kf8 31. Ke2 Ke7 32. Ke3 Ke6 33. Nh2 Bf5
34. Be2 Ke7 35. Bd1 Be6 36. Be2 Bf5 37. Bd1 Be6 38. Be2 Bf5 39. Bd1 Be6 1/2-1/2

[Event "Ïåðâåíñòâî Ìîñêâû ïî øàõìàòàì 2015 ñðåäè"]
[Site "Moscow"]
[Date "2015.11.16"]
[Round "5.24"]
[White "Êèðååâ, Èãîðü."]
[Black "Êàðàåâ, Àðòóð."]
[Result "1-0"]
[WhiteElo "1563"]
[BlackElo "1462"]
[PlyCount "75"]
[EventDate "2015.11.12"]

1. e4 e6 2. d4 d5 3. e5 c5 4. c3 Qb6 5. Nf3 Nc6 6. a3 Bd7 7. b4 cxb4 8. cxb4 a6
9. Bb2 Nge7 10. Nbd2 Ng6 11. h4 h6 12. h5 Nge7 13. Nb3 Nc8 14. Bd3 N8a7 15. Rc1
a5 16. Nc5 axb4 17. axb4 Bxc5 18. Rxc5 Nxb4 19. Bb1 Nbc6 20. Qc2 Na5 21. Nd2
Bb5 22. Ba2 N7c6 23. Qc3 O-O 24. Bb1 Ba4 25. Qd3 f5 26. exf6 Rxf6 27. Qh7+ Kf7
28. Bg6+ Rxg6 29. Qxg6+ Kf8 30. Ba3 Ne7 31. Qg3 Bb3 32. Rc7 Nac6 33. Bxe7+ Nxe7
34. Nxb3 Ra3 35. Rc3 Qb4 36. O-O Nf5 37. Qb8+ Kf7 38. Rc7+ 1-0

[Event "Ïåðâåíñòâî Ìîñêâû ïî øàõìàòàì 2015 ñðåäè"]
[Site "Moscow"]
[Date "2015.11.16"]
[Round "5.25"]
[White "Èëüþøèí, Òèìîôåé."]
[Black "Òðîôèìîâ, Áîðèñ."]
[Result "0-1"]
[WhiteElo "1336"]
[BlackElo "1560"]
[PlyCount "102"]
[EventDate "2015.11.12"]

1. d4 d5 2. Nf3 c6 3. e3 Bf5 4. c4 e6 5. cxd5 exd5 6. Qb3 Qc7 7. Bd2 Nf6 8. Bd3
Bxd3 9. Qxd3 Bd6 10. Nc3 Nbd7 11. Rc1 a6 12. Qf5 h6 13. e4 dxe4 14. Nxe4 O-O
15. Nxd6 Qxd6 16. O-O Qd5 17. Qxd5 Nxd5 18. Rfe1 Rfe8 19. Rxe8+ Rxe8 20. Re1
Rxe1+ 21. Nxe1 c5 22. dxc5 Nxc5 23. f3 f5 24. Kf2 Kf7 25. Ke2 Ke6 26. Nd3 Nxd3
27. Kxd3 Ke5 28. g3 g5 29. Kc4 Nb6+ 30. Kd3 Kd5 31. Bc3 Nd7 32. b3 b5 33. Bg7
h5 34. Bh6 g4 35. f4 Nc5+ 36. Ke3 Ne4 37. Bg7 Nd6 38. Bf8 Nb7 39. Kd3 Na5 40.
Ke3 Nc6 41. Bg7 Nb4 42. Bf8 Nc2+ 43. Kd3 Ne1+ 44. Ke3 Nc2+ 45. Kd3 Nd4 46. Ke3
Nf3 47. Bb4 Nxh2 48. Be1 Nf3 49. Bc3 h4 50. gxh4 Nxh4 51. Kd3 Kc5 0-1

[Event "Ïåðâåíñòâî Ìîñêâû ïî øàõìàòàì 2015 ñðåäè"]
[Site "Moscow"]
[Date "2015.11.16"]
[Round "5.26"]
[White "Èâàíîâ, Ñòåïàí."]
[Black "Èâàíîâ, Èëüÿ."]
[Result "0-1"]
[WhiteElo "1381"]
[BlackElo "1544"]
[PlyCount "75"]
[EventDate "2015.11.12"]

1. d4 e6 2. Nf3 d5 3. c4 Nf6 4. g3 c6 5. Bg2 Be7 6. O-O O-O 7. Qc2 Nbd7 8. b3
Nb6 9. a4 a5 10. Bf4 Ne4 11. Nbd2 Nxd2 12. Nxd2 dxc4 13. Nxc4 Nd5 14. Bd2 Bb4
15. e4 Bxd2 16. Qxd2 Nb4 17. Rfd1 Qe7 18. Rac1 Rd8 19. Qf4 b5 20. Ne5 Bb7 21.
axb5 cxb5 22. Rc5 Rxd4 23. Rxd4 Qxc5 24. Qxf7+ Kh8 25. Qxb7 Rf8 26. Nd7 Qxd4
27. Nxf8 Nd3 28. Qf7 Ne5 29. Qf4 Qd1+ 30. Bf1 Nf3+ 31. Kg2 Ne1+ 32. Kh3 Nf3 33.
Bg2 Ng1+ 34. Kh4 h6 35. Qg4 Qd8+ 36. Kh5 Qxf8 37. f4 Qc5+ 38. Kh4 {äàëåå
çàïèñü íåðàçáîð~~èâà} 0-1

[Event "Ïåðâåíñòâî Ìîñêâû ïî øàõìàòàì 2015 ñðåäè"]
[Site "Moscow"]
[Date "2015.11.16"]
[Round "5.29"]
[White "Áîãåð, Þðèé."]
[Black "Êàðëîâ, Åãîð."]
[Result "1/2-1/2"]
[WhiteElo "1321"]
[BlackElo "1681"]
[PlyCount "78"]
[EventDate "2015.11.12"]

1. e4 c5 2. Nc3 e5 3. Nf3 Nc6 4. Bc4 Be7 5. d3 Nf6 6. Bg5 O-O 7. Bxf6 Bxf6 8.
Nd5 d6 9. Nxf6+ Qxf6 10. Qd2 Bg4 11. Ng1 Nd4 12. c3 Nc6 13. f3 Be6 14. Bxe6
fxe6 15. h4 d5 16. Qg5 Rad8 17. Rd1 Qf7 18. Ne2 dxe4 19. dxe4 Rxd1+ 20. Kxd1
Rd8+ 21. Kc2 Qd7 22. Qe3 b6 23. Ng3 c4 24. Qe2 b5 25. Rd1 Qe7 26. Rxd8+ Qxd8
27. Qd2 Qxd2+ 28. Kxd2 Kf7 29. Ne2 g6 30. g4 h6 31. Kc2 Ke7 32. b4 Kf6 33. a3
g5 34. h5 a6 35. Kb2 Ke7 36. Kc2 Kf6 37. Kb2 Ke7 38. Kc2 Kf6 39. Kb2 Ke7
1/2-1/2